Medicina interna: enfoque basado en problemas (Registro nro. 22389)
[ vista simple ]
| 000 -Cabecera (24) | |
|---|---|
| Campo de control interno | 00987nam a22003614a 4500 |
| 001 - Número de control | |
| Campo de control | ESSALUD |
| 005 - Fecha y hora de la | |
| Campo de control | 20260504144433.0 |
| 007 - Tipo material - Descripcion fisica - info general | |
| Tipo material | ta |
| 008 - Códigos de longitud fija (40p) | |
| Campo de control de longitud fija | t2025 sp gr 00| 0 spa d |
| 020 ## - INTERNATIONAL STANDARD BOOK NUMBER | |
| ISBN | 978-84-10022-90-4 |
| 040 ## - Origen de la Catalogacion | |
| Origen de la Catalogacion | ESSALUD |
| 041 ## - Código de idioma (R) | |
| Código de lengua del texto/banda sonora o título independiente (R) | spa |
| 043 ## - Pais ISO | |
| País ISO | sp |
| 082 ## - Número de la Clasificación | |
| Clasificación Dewey | 616 |
| Codigo Cutter | M28/2025 |
| 100 ## - Autor Personal | |
| Autor Personal | Mansoor, André M. |
| Término indicativo de función (R) | autor |
| 245 ## - Titulo | |
| Titulo | Medicina interna: enfoque basado en problemas |
| 250 ## - Mencion de edicion | |
| Mencion de edicion | 2 ed. |
| 260 ## - Editorial | |
| Ciudad | Barcelona : |
| Nombre de la Editorial | Wolters Kluwer, |
| Fecha | 2025 |
| 300 ## - Descripcion | |
| Páginas | 866 páginas |
| 650 ## - Temas - Descriptores | |
| Temas - Descriptores | MEDICINA INTERNA |
| 9 (RLIN) | 7281 |
| 650 ## - Temas - Descriptores | |
| Temas - Descriptores | CARDIOLOGÍA |
| 9 (RLIN) | 11301 |
| 650 ## - Temas - Descriptores | |
| Temas - Descriptores | ENDOCRINOLOGÍA |
| 9 (RLIN) | 36891 |
| 650 ## - Temas - Descriptores | |
| Temas - Descriptores | GASTROENTEROLOGÍA |
| 9 (RLIN) | 12562 |
| 650 ## - Temas - Descriptores | |
| Temas - Descriptores | NEFROLOGÍA |
| 9 (RLIN) | 13133 |
| 650 ## - Temas - Descriptores | |
| Temas - Descriptores | NEUROLOGÍA |
| 650 ## - Temas - Descriptores | |
| Temas - Descriptores | NEUMOLOGÍA |
| 9 (RLIN) | 25628 |
| 650 ## - Temas - Descriptores | |
| Temas - Descriptores | REUMATOLOGÍA |
| 9 (RLIN) | 7490 |
| 650 ## - Temas - Descriptores | |
| Temas - Descriptores | VASCULITIS SISTÉMICA |
| 9 (RLIN) | 35012 |
| 650 ## - Temas - Descriptores | |
| Temas - Descriptores | ARTRITIS |
| 9 (RLIN) | 36710 |
| 653 ## - Palabras Claves | |
| Palabras Claves | HEPATOLOGÍA |
| 653 ## - Palabras Claves | |
| Palabras Claves | ENFERMEDADES INFECCIOSAS |
| 942 ## - Datos personalizados Koha | |
| Tipo de Documento | Libros |
| Fecha procesamiento | 2026-04-30 |
| Documentalista | AFC |
| Fuente de Clasificacion | Deterioro (estado) | Colección | Ubicacion permanente | Ubicacion actual | Fecha de Ingreso a la Biblioteca | Origen de adquisicion | Prestamos | Codigo | Código de barras | Ultima fecha de verificacion | Ultima fecha de prestamo | Tipo de Item |
|---|---|---|---|---|---|---|---|---|---|---|---|---|
| Colección General | Biblioteca Central ESSALUD | Biblioteca Central ESSALUD | 04/06/2026 | Compra | 1 | 616/M28/2025 | 10596 | 05/05/2026 | 05/05/2026 | Libros |